00934 2200313 4500001002100000005001500021035002500036007000300061008004100064020002200105040001700127041000800144082001700152084001900169090002300188090002200211100001100233245014200244250001100386260003600397300003500433504003000468650002500498650001900523850001200542999002200554990002200576990002200598INLIS00000000003356020191011090149 a0010-021800000000285ta180219s2017 yoia g ind d a978-602-453-204-8 aYOPDYOGbind0 aind04223a658.3125 a658.3125 ALP m aDEP 658.3125 ALP m aCB-D.11 2017-12650 aAlpedi0 aMembangun kepuasan kerja dan kinerja pegawai :bdilengkapi dengan hasil penelitian pada para guru bersertifikasi di Kota Serang /cAlpedi aCet. 13 aYogyakarta :bDeepublish,c2017 ax, 183 hlm. :bilus. ;c25 cm. aBibliografi: hlm. 180-183 4aPegawai--xManajemen 4aKepuasan Kerja aYOPDYOG aCB-D.11/2017-1265 aCB-D.11/2017-1265 aCB-D.11/2017-1265